| 000 | 00721nam a2200241Ia 4500 | ||
|---|---|---|---|
| 003 | OSt | ||
| 005 | 20220107122657.0 | ||
| 008 | 130318s9999 xx 000 0 und d | ||
| 020 | _a9788131222492 | ||
| 040 | _cIIITMK | ||
| 082 | _a004.65 BUF/P | ||
| 100 |
_aBuford, John F. _911688 |
||
| 245 |
_aP2P networking and applications _cJohn F. Buford, Heather Yu and Eng Keong Lua |
||
| 260 |
_bMorgan Kaufmann Publishers/Elsevier, _aGurgaon, _c2009. |
||
| 300 | _axxi, 415p. | ||
| 650 |
_aCOMPUTER SCIENCE _911689 |
||
| 650 |
_aP2P NETWORKING _911690 |
||
| 650 |
_aNETWORK SECURITY _911691 |
||
| 650 |
_aSYSTEM ARCHITECTURE _911692 |
||
| 700 |
_aLua, Eng Keong _911693 |
||
| 700 |
_aYu, Heather _911694 |
||
| 942 |
_2ddc _cBK |
||
| 999 |
_c2363 _d2363 |
||